The Yorkshire Dales Animals and Friends! - Statistics

General Stats
  • This quiz has been taken 4 times
  • The average score is 2 of 11
Answer Stats
Hint Answer % Correct
Only found with purple flowers or weddings Purples!!!
67%
Name starts with a D Douglas!!!
33%
Hee-hore!!! Greased Lightning!!!
33%
My pet who is a detective!! Kaboom!!!
33%
Everyone's favorite lamb!!! Rupert!!!
33%
My favorite person :) Aubrey!!!
0%
Given to the Zukos as a suprise! Big red!!!
0%
Can be found flying to the moon! Budgies!!!
0%
? Who loves Aubrey very much :) Gavin!!!
0%
Only found in his garden with his snail friends Gerald!!!
0%
Is the mother to that little lamb! Maggie!!!
0%
No matching quizzes found
Score Distribution
Percent of People with Each Score
Percentile by Number Answered
Your Score History
You have not taken this quiz